000
00209nam a2200073Ia 4500
008
170817s9999 xx 000 0 und d
100
_a
Ruhela.S.P
245
0
_a
Shiksha Ke Darshnik Tatha Samajshstrye Aadhar
260
_b
Agarwal Prakashan Agara
999
_c
39500
_d
39500